000 00753nam a2200229 i 4500
001 184965
003 SpMaBN
005 20250627063703.0
008 160229s1945 sp |||| |cspa d
080 _a929 Ignacio de Loyola, San
080 _a929 Luther, Martin
100 1 _aGonzález Ruiz, Nicolás,
_d1897-1967
_958946
245 1 0 _aSan Ignacio, Lutero
_b: dos hombres, el santo y el hereje.
260 _aBarcelona :
_bCervantes,
_c1945 (
_fImp. Clarasó)
300 _a156 p. ;
_c19 cm.
490 1 _aVidas paralelas ;
_v8
600 0 4 _aIgnacio de Loyola
_c, Santo.
_965147
600 1 4 _aLuther, Martin.
_974872
830 0 _aVidas paralelas ;
_v8
_9183460
852 _aES-MaACL
_jL-30228
_z- enc. tela
999 _c184965
_d184965